000 00642cam a2200193 i 4500
005 20260210090818.0
008 250721s2013 le gr 000 f ara d
020 _a9786140102002
082 1 4 _aق
_bس ا ل
100 1 _aالسالم، محمد
245 1 0 _aحبيبتي بكماء :
_bرواية /
_cمحمد بدر السالم.
250 _aالطبعة الثالثة.
264 3 1 _aبيروت :
_bالدار العربية للعلوم ناشرون،
_c2013.
300 _a127 صفحة.
650 1 7 _aالقصص العربية.
650 1 7 _aالأدب العربي.
942 _2ddc
_cBK
999 _c134969
_d134969